00607nam a22001817a 450000500170000001000150001702000260003203500130005803700130007108200150008410000150009924500850011426000420019927000870024130000210032850000500034970000260039920131220114133.0 aENG-108898 a9789382983026c895.00 aEN-92431 bDBAD/PUB a658.421082 aRenuka, G. aDevelopment of women entrepreneurship /cby G. Renuka [and] G. Ramakrishna Reddy aNew DelhibManglam Publicationsc2013 aK-129 Gali No.3 Near Shiv Om Jwelers 3-1/2 Pusta Gautam Vihar bNew Delhie110053 a274p. c22cm(Hb) aIncludes bibliographical references and index aReddy, G. Ramakrishna